000 00309nam a2200133Ia 4500
100 _aBaphana R.M./ Passi/M
250 _a2
942 _cBK
654 _aEngineering Mechanics
245 _aEngineering Mechanics :Dynamics
260 _bTech-Max
_aPune
_c2001
082 _a620.1
_bbap/pas
546 _aENGLISH
999 _c31028
_d31028